| 000 | 01157nam a2200301Ia 4500 | ||
|---|---|---|---|
| 001 | ebr10103773 | ||
| 003 | CaPaEBR | ||
| 006 | m u | ||
| 007 | cr cn||||||||| | ||
| 008 | 030417s2004 enka s 001 0 eng d | ||
| 020 | _z0333992814 (pbk.) | ||
| 040 |
_aCaPaEBR _cCaPaEBR |
||
| 035 | _a(OCoLC)84373471 | ||
| 050 | 1 | 4 |
_aQA76.758 _b.C43 2004eb |
| 082 | 0 | 4 |
_a005.1 _222 |
| 100 | 1 | _aCharatan, Quentin. | |
| 245 | 1 | 0 |
_aFormal software development _h[electronic resource] : _bfrom VDM to Java / _cQuentin Charatan and Aaron Kans. |
| 260 |
_aBasingstoke : _bPalgrave Macmillan, _c2004. |
||
| 300 |
_axi, 239 p. : _bill. |
||
| 500 | _aIncludes index. | ||
| 533 |
_aElectronic reproduction. _bPalo Alto, Calif. : _cebrary, _d2009. _nAvailable via World Wide Web. _nAccess may be limited to ebrary affiliated libraries. |
||
| 650 | 0 |
_aComputer software _xDevelopment. |
|
| 650 | 0 | _aFormal methods (Computer science) | |
| 655 | 7 |
_aElectronic books. _2local |
|
| 700 | 1 | _aKans, Aaron. | |
| 710 | 2 | _aebrary, Inc. | |
| 856 | 4 | 0 |
_uhttp://site.ebrary.com/lib/rucke/Doc?id=10103773 _zAn electronic book accessible through the World Wide Web; click to view |
| 999 |
_c206431 _d206431 |
||